[Event "28. Friedensfest-Open (AFRO-A)"]
[Site "Augsburg"]
[Date "2023.08.04"]
[Round "3.20"]
[White "Seisenberger, Georg"]
[Black "Heron, Andrew"]
[Result "0-1"]
[WhiteElo "2057"]
[BlackElo "1852"]
[EventDate "2023.08.03"]
[Time "09:30:00"]
[WhiteTeam "SV Ilmmuenster"]
[BlackTeam "SC Triesen"]

1.d4 Nf6 2.c4 g6 3.Nc3 d5 4.Bf4 Bg7 5.e3 O-O 6.Rc1 c5 7.dxc5 Be6 8.cxd5 
Nxd5 9.Nxd5 Qxd5 10.Qxd5 Bxd5 11.b3 Nd7 12.Nf3 Bb2 13.Rc2 Ba3 14.Bc4 Bb4+ 
15.Ke2 Be4 16.Bd3 Bxd3+ 17.Kxd3 Nxc5+ 18.Ke2 Rac8 19.Be5 f6 20.Bb2 Nxb3 
21.Rxc8 Rxc8 22.Kd3 Nc5+ 23.Ke2 Na4 24.Bd4 e5 25.Rb1 a5 26.a3 exd4 0-1

[Event "28. Friedensfest-Open (AFRO-A)"]
[Site "Augsburg"]
[Date "2023.08.05"]
[Round "5.10"]
[White "Mayer, Arnd"]
[Black "Blodig, Vincent"]
[Result "1/2-1/2"]
[WhiteElo "2019"]
[BlackElo "1542"]
[EventDate "2023.08.03"]
[Time "09:30:00"]
[WhiteTeam "SV Jedesheim 1921"]
[BlackTeam "Schachfreunde Augsburg"]

1.d4 Nf6 2.Nf3 c6 3.Bf4 Qb6 4.b3 d5 5.e3 Bf5 6.Bd3 Bg6 7.O-O Nbd7 8.Qe2 e6
9.c4 Bb4 10.h3 O-O 11.Ne5 Nxe5 12.Bxe5 Nd7 13.Bxg6 hxg6 14.c5 Qd8 15.Bd6 
Re8 16.f4 Nf6 17.a3 Ba5 18.b4 Bc7 19.Bxc7 Qxc7 20.Nd2 b6 21.Rfc1 b5 22.a4 
bxa4 23.b5 Reb8 24.Rcb1 Qd7 25.bxc6 Qxc6 26.Qd3 Nd7 27.Rxb8+ Rxb8 28.Qa3 
Rb7 29.Qxa4 Qxa4 30.Rxa4 Nb8 31.Kf2 Kf8 32.Ke2 Ke7 33.Kd3 Nc6 34.Kc3 a5 
35.Nf3 f6 36.Ra1 Rb4 37.Nd2 Rb5 38.Nb3 Kd7 39.g4 Ke7 40.h4 Kf7 41.Ra2 Rb8 
42.Nd2 Rb5 43.Nb3 Ke7 44.Ra1 Kd7 45.Ra2 Kc7 46.h5 f5 47.gxf5 exf5 48.Rg2 
Ne7 49.Nd2 Kd7 50.Nf3 a4 51.Ne5+ Ke6 52.Nxg6 Rb3+ 53.Kc2 Nc6 54.Ne5 Nb4+ 
55.Kc1 a3 56.Rg6+ Ke7 57.Rxg7+ Kf8 58.Rf7+ Ke8 59.Kd2 Rb2+ 60.Kc3 Na2+ 61.
Kd3 Nb4+ 62.Kc3 Na2+ 63.Kd3 Nc1+ 64.Kc3 Na2+ 65.Kd3 Nc1+ 66.Kc3 Na2+ 
1/2-1/2

[Event "28. Friedensfest-Open (AFRO-A)"]
[Site "Augsburg"]
[Date "2023.08.03"]
[Round "2.15"]
[White "Baur, Frank"]
[Black "Schuetze, Jonas"]
[Result "1-0"]
[WhiteElo "2042"]
[BlackElo "1821"]
[EventDate "2023.08.03"]
[Time "15:30:00"]
[WhiteTeam "SF Mengen"]
[BlackTeam "Schachfreunde Augsburg"]

1.d4 Nf6 2.Nf3 c5 3.d5 d6 4.Nc3 e6 5.e4 Be7 6.Bb5+ Bd7 7.dxe6 fxe6 8.Bxd7+
Qxd7 9.Bf4 e5 10.Bg5 O-O 11.Bxf6 Rxf6 12.Qd5+ Kh8 13.O-O-O Qc6 14.Nxe5 
dxe5 15.Qd8+ 1-0

[Event "28. Friedensfest-Open (AFRO-A)"]
[Site "Augsburg"]
[Date "2023.08.05"]
[Round "6.2"]
[White "Duong, Quang Bach"]
[Black "Player, Edmund"]
[Result "0-1"]
[WhiteElo "1658"]
[BlackElo "2204"]
[EventDate "2023.08.03"]
[Time "15:30:00"]
[WhiteTeam "Schachfreunde Augsburg"]
[BlackTeam "FC Bayern Muenchen e.V."]

1.d4 Nf6 2.Nf3 d5 3.Bf4 c5 4.e3 Nc6 5.Nbd2 Qb6 6.dxc5 Qxc5 7.a3 Qb6 8.b4 
Nh5 9.c4 Nxf4 10.exf4 e6 11.Bd3 Be7 12.O-O O-O 13.Re1 Qc7 14.b5 Na5 15.Ne5
Bc5 16.Rc1 g6 17.cxd5 exd5 18.f5 f6 19.Ng4 g5 20.Nh6+ Kh8 21.Qh5 b6 22.h4 
gxh4 23.Nf3 Bd7 24.Nxh4 Be8 25.Ng6+ Kg7 26.Qg4 hxg6 27.fxg6 Rh8 28.Nf5+ 
Kg8 29.g7 Qh2+ 30.Kf1 Rh5 31.Rxc5 Rg5 32.Ne7+ Kxg7 33.Nf5+ Kh8 34.Qd4 
Qxg2+ 35.Ke2 Bh5+ 0-1

[Event "28. Friedensfest-Open (AFRO-A)"]
[Site "Augsburg"]
[Date "2023.08.06"]
[Round "7.3"]
[White "Hoefelsauer, Thomas"]
[Black "Blodig, Vincent"]
[Result "1-0"]
[WhiteElo "2367"]
[BlackElo "1542"]
[EventDate "2023.08.03"]
[Time "09:30:00"]
[WhiteTeam "Schachklub Muenchen Suedost e.V."]
[BlackTeam "Schachfreunde Augsburg"]

1.d4 Nf6 2.Nf3 e6 3.Bf4 d5 4.e3 Bd6 5.Nbd2 O-O 6.Bd3 c5 7.c3 Bxf4 8.exf4 
b6 9.Qe2 Qd6 10.g3 cxd4 11.Nxd4 Nc6 12.N2f3 Nxd4 13.Nxd4 Re8 14.Qe5 Qxe5+ 
15.fxe5 Ng4 16.f4 a5 17.h3 Nh6 18.g4 f6 19.exf6 gxf6 20.Bb5 Re7 21.Bc6 Rb8
22.O-O-O Bb7 23.Rhe1 Kf7 24.g5 fxg5 25.fxg5 e5 26.Bxb7 exd4 27.Bxd5+ 1-0

[Event "28. Friedensfest-Open (AFRO-A)"]
[Site "Augsburg"]
[Date "2023.08.04"]
[Round "4.4"]
[White "Duong, Quang Bach"]
[Black "Zill, Christoph"]
[Result "1-0"]
[WhiteElo "1658"]
[BlackElo "2183"]
[EventDate "2023.08.03"]
[Time "15:30:00"]
[WhiteTeam "Schachfreunde Augsburg"]
[BlackTeam "SK Freising"]

1.d4 Nf6 2.Nf3 e6 3.Bf4 b6 4.e3 Bb7 5.Nbd2 c5 6.Bd3 Be7 7.h3 d6 8.O-O O-O 
9.Re1 Re8 10.Bh2 Nbd7 11.a4 a6 12.c3 cxd4 13.exd4 Bf8 14.Nc4 Qc7 15.Bf1 
Rad8 16.Ne3 Qc8 17.Nd2 Nd5 18.Nec4 N7f6 19.Qb3 Qc6 20.Rac1 h6 21.Qa2 g5 
22.Ra1 Nh5 23.Qb1 Ndf4 24.f3 Bg7 25.Ne3 Nf6 26.h4 N6d5 27.hxg5 hxg5 28.Ne4
Nxe3 29.Rxe3 Qd5 30.Qe1 Nh5 31.Rd1 b5 32.Bd3 Bc8 33.axb5 axb5 34.Nxd6 Rxd6
35.Be4 1-0

[Event "28. Friedensfest-Open (AFRO-A)"]
[Site "Augsburg"]
[Date "2023.08.03"]
[Round "2.28"]
[White "Duong, Quang Bach"]
[Black "Berlizov, Wladislaw"]
[Result "1-0"]
[WhiteElo "1658"]
[BlackElo "1873"]
[EventDate "2023.08.03"]
[Time "15:30:00"]
[WhiteTeam "Schachfreunde Augsburg"]
[BlackTeam "SC 1947 Beilngries"]

1.d4 Nf6 2.Nf3 e6 3.Bf4 b6 4.e3 Bb4+ 5.c3 Be7 6.h3 Bb7 7.Nbd2 O-O 8.Bd3 d5
9.O-O Nbd7 10.Qc2 c5 11.Rfe1 Rc8 12.Bh2 h6 13.Rad1 a5 14.a4 Re8 15.Ne5 
Nxe5 16.dxe5 Nd7 17.f4 c4 18.Bf1 Bc6 19.e4 Nc5 20.Ra1 Qd7 21.exd5 exd5 22.
Nf3 Bxa4 23.Qb1 Ne4 24.Qc1 Bc5+ 25.Nd4 b5 26.Be2 Qa7 27.Qe3 f6 28.Bh5 Re7 
29.Re2 fxe5 30.fxe5 Rf8 31.Bf3 Rd8 32.Kh1 Ng5 33.Qd2 Nxf3 34.gxf3 Qd7 35.
Rg2 Bxd4 36.cxd4 Qxh3 37.Rg3 Qh4 38.Qxa5 Rf8 39.Qd2 Rf4 40.Qxf4 Qxf4 41.
Rxg7+ Kxg7 42.Bxf4 Rf7 43.Rg1+ Kh7 44.Bh2 Rxf3 45.e6 b4 46.Be5 Rh3+ 47.Kg2
Rd3 48.Ra1 Rd2+ 49.Kh3 Bc6 50.Rg1 h5 51.Rg7+ Kh6 52.Rc7 Rd3+ 53.Kh4 Be8 
54.Rc8 Ba4 55.Ra8 Bc6 56.Ra6 Be8 57.e7+ Kh7 58.Ra8 Kg6 59.Rxe8 Kf7 60.Rb8 
Kxe7 61.Rxb4 Ke6 62.Kxh5 Kf5 63.Kh6 Ke4 64.Kg6 Rb3 65.Rxb3 cxb3 66.Kf6 Kd3
67.Ke6 Kc2 68.Kxd5 Kxb2 69.Kc4 Ka1 70.d5+ 1-0

[Event "28. Friedensfest-Open (AFRO-A)"]
[Site "Augsburg"]
[Date "2023.08.04"]
[Round "3.32"]
[White "Schuetze, Jonas"]
[Black "Steinberger, Michael"]
[Result "1/2-1/2"]
[WhiteElo "1821"]
[BlackElo "1561"]
[EventDate "2023.08.03"]
[Time "09:30:00"]
[WhiteTeam "Schachfreunde Augsburg"]
[BlackTeam "Schachfreunde Augsburg"]

1.d4 Nf6 2.Nf3 e6 3.c4 d5 4.cxd5 exd5 5.Bg5 c6 6.Nbd2 Be7 7.e3 O-O 8.Bd3 
h6 9.Bh4 Ne4 10.Bxe7 Qxe7 11.Qc2 Re8 12.O-O Nd7 13.a3 Ndf6 14.b4 Bd7 15.
Ne5 Nxd2 16.Qxd2 Ne4 17.Bxe4 dxe4 18.Nxd7 Qxd7 19.Rfc1 Re6 20.Qe2 Rg6 21.
a4 Rg5 22.Rc5 Rxc5 23.bxc5 b6 24.Qc2 Qd5 25.Rc1 Rb8 26.cxb6 Rxb6 27.h3 g6 
28.Qc4 Qxc4 29.Rxc4 Ra6 30.g4 Kf8 31.Kg2 Ke7 32.f3 exf3+ 33.Kxf3 Kd6 34.e4
f6 35.Kf4 Ra5 36.e5+ fxe5+ 37.dxe5+ Kd7 38.h4 c5 39.h5 gxh5 40.gxh5 Ke6 
41.Re4 Ra6 42.Rc4 Ra5 43.Re4 1/2-1/2

[Event "28. Friedensfest-Open (AFRO-A)"]
[Site "Augsburg"]
[Date "2023.08.05"]
[Round "6.13"]
[White "Altok, Mesut"]
[Black "Bossinger, Patrick"]
[Result "0-1"]
[WhiteElo "1904"]
[BlackElo "2003"]
[EventDate "2023.08.03"]
[Time "15:30:00"]
[WhiteTeam "Satranç Club 2000 e. V."]
[BlackTeam "SV Jedesheim 1921"]

1.d4 Nf6 2.Nf3 g6 3.Bf4 d5 4.Nc3 Bg7 5.h3 O-O 6.Nb5 Na6 7.Rc1 c6 8.Na3 Qb6
9.Rb1 Ne4 10.c3 Re8 11.e3 f6 12.Qc2 e5 13.dxe5 fxe5 14.Nc4 dxc4 15.Qxe4 
Bf5 16.Qxc4+ Be6 0-1

[Event "28. Friedensfest-Open (AFRO-A)"]
[Site "Augsburg"]
[Date "2023.08.05"]
[Round "6.38"]
[White "Wolf, Thomas"]
[Black "Stumpf, Vitali"]
[Result "1-0"]
[WhiteElo "1981"]
[BlackElo "1665"]
[EventDate "2023.08.03"]
[Time "15:30:00"]
[WhiteTeam "SK Leutkirch"]
[BlackTeam "?"]

1.d4 Nf6 2.Nf3 g6 3.Nc3 d5 4.Bf4 Bg7 5.Qd2 Ne4 6.Nxe4 dxe4 7.Ne5 O-O 8.e3 
a6 9.Qc3 Be6 10.Bc4 Bxc4 11.Nxc4 c5 12.Ne5 cxd4 13.exd4 Nd7 14.O-O Rc8 15.
Qb3 Nxe5 16.Bxe5 Bxe5 17.dxe5 Qc7 18.e6 f5 19.c3 b5 20.Rad1 Rfd8 21.Rd7 
Qc4 22.Rxe7 Re8 23.Qa3 Rxe7 24.Qxe7 Rc7 25.Qd8+ Kg7 26.e7 1-0

[Event "28. Friedensfest-Open (AFRO-A)"]
[Site "Augsburg"]
[Date "2023.08.04"]
[Round "3.1"]
[White "Hoefelsauer, Thomas"]
[Black "Braun, Kristin"]
[Result "1-0"]
[WhiteElo "2367"]
[BlackElo "1868"]
[EventDate "2023.08.03"]
[Time "09:30:00"]
[WhiteTeam "Schachklub Muenchen Suedost e.V."]
[BlackTeam "SC JAEKLECHEMIE Talente Franken"]

1.d4 Nf6 2.Nf3 g6 3.Bf4 Bg7 4.e3 d6 5.h3 O-O 6.Be2 Nbd7 7.O-O b6 8.c3 Bb7 
9.Nbd2 c5 10.a4 a6 11.Re1 cxd4 12.exd4 Re8 13.Bh2 Rc8 14.Bc4 d5 15.Bd3 Nb8
16.Qe2 a5 17.Ne5 Nfd7 18.Ndf3 Nc6 19.Nxf7 Kxf7 20.Qe6+ Kf8 21.Ng5 1-0

[Event "28. Friedensfest-Open (AFRO-A)"]
[Site "Augsburg"]
[Date "2023.08.04"]
[Round "4.22"]
[White "Wolf, Thomas"]
[Black "Wezel, Sebastian"]
[Result "0-1"]
[WhiteElo "1981"]
[BlackElo "1828"]
[EventDate "2023.08.03"]
[Time "15:30:00"]
[WhiteTeam "SK Leutkirch"]
[BlackTeam "SV Dettingen Erms"]

1.d4 Nf6 2.Nf3 g6 3.Nc3 d5 4.Bf4 Bg7 5.Qd2 Ne4 6.Nxe4 dxe4 7.Ne5 Nd7 8.
Nxd7 Qxd7 9.e3 c5 10.c3 cxd4 11.cxd4 O-O 12.Rc1 e5 13.dxe5 Qxd2+ 14.Kxd2 
Rd8+ 15.Ke1 Be6 16.b3 Bf8 17.Rc2 Bg4 18.Be2 Bb4+ 19.Kf1 Rac8 20.Rxc8 Rxc8 
21.Bxg4 Rc1+ 22.Ke2 Rxh1 23.f3 Re1+ 24.Kf2 Ra1 25.fxe4 Rxa2+ 26.Kf3 Rb2 
27.e6 Rxb3 28.Bb8 a5 29.e5 Kf8 30.exf7 Kxf7 31.Ke4 a4 32.Kd5 a3 33.e6+ Ke7
34.Bf4 a2 35.Bg5+ Ke8 36.Be2 Be7 0-1

[Event "28. Friedensfest-Open (AFRO-A)"]
[Site "Augsburg"]
[Date "2023.08.03"]
[Round "1.19"]
[White "Mayer, Arnd"]
[Black "Braun, Kristin"]
[Result "0-1"]
[WhiteElo "2019"]
[BlackElo "1868"]
[EventDate "2023.08.03"]
[Time "09:30:00"]
[WhiteTeam "SV Jedesheim 1921"]
[BlackTeam "SC JAEKLECHEMIE Talente Franken e"]

1.d4 Nf6 2.Nf3 g6 3.Bf4 Bg7 4.e3 O-O 5.c4 d6 6.Nc3 b6 7.Be2 Bb7 8.O-O c5 
9.d5 Nh5 10.Bg5 Nd7 11.Rc1 Re8 12.b3 a6 13.a4 Qc7 14.Nd2 Nhf6 15.e4 e6 16.
Kh1 exd5 17.exd5 Bc8 18.h3 h6 19.Bh4 g5 20.Bg3 Nf8 21.Bd3 g4 22.hxg4 Bxg4 
23.f3 Re3 24.Nde4 Nh5 25.Bh2 Bd7 26.Qd2 Bd4 27.g4 Ng7 28.Bf4 Rxd3 29.Qxd3 
Qd8 30.Ng3 Ng6 31.Qd2 Nxf4 32.Qxf4 Be5 33.Qxh6 Bxg3 34.Kg2 Qh4 35.Qxh4 
Bxh4 36.Ne4 f5 37.Nxd6 fxg4 38.Rc3 Bf6 39.Rd3 Be5 40.Ne4 Nh5 41.fxg4 Bxg4 
42.Kh1 Kh8 43.Ng5 Bd4 44.Rd2 Ng3+ 0-1

[Event "28. Friedensfest-Open (AFRO-A)"]
[Site "Augsburg"]
[Date "2023.08.05"]
[Round "6.5"]
[White "Reis, Thomas"]
[Black "Braun, Kristin"]
[Result "1/2-1/2"]
[WhiteElo "2196"]
[BlackElo "1868"]
[EventDate "2023.08.03"]
[Time "15:30:00"]
[WhiteTeam "SK Kriegshaber"]
[BlackTeam "SC JAEKLECHEMIE Talente Franken"]

1.d4 Nf6 2.Nf3 g6 3.c4 Bg7 4.e3 O-O 5.Be2 d6 6.Nc3 c5 7.d5 Na6 8.O-O Bd7 
9.e4 Rb8 10.e5 dxe5 11.Nxe5 Bf5 12.Bf4 Rc8 13.g4 Nd7 14.Nxf7 Rxf7 15.gxf5 
Rxf5 16.Bg3 Rf8 17.Nb5 Qb6 18.Qd2 Nf6 19.Bf3 Rcd8 20.Qe2 Rde8 21.Rfe1 Kh8 
22.Rad1 Ng8 23.d6 e5 24.d7 Re7 25.Rd6 Qd8 26.Bh4 Bf6 27.Bxf6+ Nxf6 28.Bxb7
Nb8 29.Bc8 Nbxd7 30.Bxd7 Nxd7 31.Red1 Qe8 32.Nxa7 e4 33.Nc6 Ref7 34.Rf1 
Ne5 35.Nxe5 Qxe5 36.Rd5 Qe7 37.Re1 Rxf2 38.Qxf2 Rxf2 39.Kxf2 Qh4+ 40.Kf1 
Qxh2 41.Re2 Qh1+ 42.Kf2 Qf3+ 43.Ke1 e3 44.Kd1 Qf1+ 45.Re1 Qxc4 46.Rd8+ Kg7
47.Rxe3 Qxa2 48.Rd7+ Kf6 49.Rxh7 Qb1+ 50.Ke2 Qxb2+ 51.Kf3 Qb1 52.Rh3 Qf1+ 
53.Kg3 Qg1+ 54.Kf3 g5 55.Ke4 g4 56.Rhg3 Qb1+ 57.Kd5 Qf5+ 58.Kc4 Kg5 59.Rc3
Kh4 60.Rgd3 Qf2 61.Kb5 g3 62.Rxg3 Qxg3 63.Rxg3 Kxg3 64.Kxc5 1/2-1/2

[Event "28. Friedensfest-Open (AFRO-A)"]
[Site "Augsburg"]
[Date "2023.08.03"]
[Round "1.26"]
[White "Schuetze, Jonas"]
[Black "Schneider, Peter"]
[Result "1-0"]
[WhiteElo "1821"]
[BlackElo "1679"]
[EventDate "2023.08.03"]
[Time "09:30:00"]
[WhiteTeam "Schachfreunde Augsburg"]
[BlackTeam "SC Wolfratshausen 1948 e.V."]

1.d4 Nf6 2.Nf3 g6 3.c4 Bg7 4.Nc3 d6 5.e4 O-O 6.Be2 Nbd7 7.Qc2 Re8 8.O-O e5
9.d5 a5 10.Nd2 Nc5 11.Nb3 Nxb3 12.axb3 Bd7 13.Bd2 Qe7 14.Nd1 b6 15.b4 axb4
16.Rxa8 Rxa8 17.Bxb4 Bh6 18.Re1 Ng4 19.Bxg4 Bxg4 20.f3 Bd7 21.Bd2 Qh4 22.
Nf2 Bf4 23.Bxf4 Qxf4 24.Nd3 Qg5 25.Qf2 f5 26.f4 exf4 27.e5 dxe5 28.Nxe5 
Ba4 29.Ra1 Re8 30.Nf3 Qd8 31.Rxa4 Qd7 32.Ra1 Re4 33.Nd2 Re3 34.Qxf4 Qe7 
35.h3 Kg7 36.Ra7 Re5 37.Nf3 Qc5+ 38.Qd4 Qxd4+ 39.Nxd4 Re7 40.Ne6+ 1-0

[Event "28. Friedensfest-Open (AFRO-A)"]
[Site "Augsburg"]
[Date "2023.08.05"]
[Round "5.16"]
[White "Wezel, Sebastian"]
[Black "Brem, Stephan"]
[Result "0-1"]
[WhiteElo "1828"]
[BlackElo "2040"]
[EventDate "2023.08.03"]
[Time "09:30:00"]
[WhiteTeam "SV Dettingen Erms"]
[BlackTeam "Schachklub Muenchen Suedost e.V."]

1.e4 b6 2.d4 Bb7 3.Bd3 Nf6 4.Qe2 Nc6 5.c3 e5 6.d5 Ne7 7.Nf3 Ng6 8.O-O a5 
9.a4 Bc5 10.Na3 O-O 11.Bd2 Qe7 12.Rfb1 Ng4 13.Rf1 c6 14.c4 Nf4 15.Bxf4 
exf4 16.h3 Ne5 17.Nxe5 Qxe5 18.Kh1 Rae8 19.Rfe1 d6 20.Nb1 f3 21.gxf3 Qh5 
22.Kg2 Qg5+ 23.Kh2 Qf4+ 24.Kg2 Qg5+ 25.Kh1 cxd5 26.cxd5 Bc8 27.Rg1 Qh4 28.
Rg3 Bxh3 0-1

[Event "28. Friedensfest-Open (AFRO-A)"]
[Site "Augsburg"]
[Date "2023.08.03"]
[Round "1.16"]
[White "Vogel, Darius"]
[Black "Brem, Stephan"]
[Result "0-1"]
[WhiteElo "1884"]
[BlackElo "2040"]
[EventDate "2023.08.03"]
[Time "09:30:00"]
[WhiteTeam "TSV Trostberg"]
[BlackTeam "Schachklub München Südost e.V."]

1.e4 b6 2.d4 Bb7 3.Bd3 Nf6 4.Nc3 e6 5.Bg5 h6 6.Bh4 g5 7.Bg3 Bb4 8.f3 d5 9.
e5 Nh5 10.Bf2 Nf4 11.g3 Nxd3+ 12.Qxd3 Ba6 13.Qd2 Nd7 14.h4 gxh4 15.Rxh4 c5
16.Rxh6 Rxh6 17.Qxh6 Qc7 18.Qg5 Bxc3+ 19.bxc3 Rc8 20.Nh3 cxd4 21.Bxd4 Qc4 
22.Kd2 Qe2+ 23.Kc1 Qxf3 24.Nf4 Rxc3 25.Bxc3 Qxc3 26.Rb1 Nxe5 27.Qg8+ Kd7 
28.Qb8 Qe1+ 29.Kb2 Nc4+ 30.Kb3 0-1

[Event "28. Friedensfest-Open (AFRO-A)"]
[Site "Augsburg"]
[Date "2023.08.04"]
[Round "3.7"]
[White "Bossinger, Patrick"]
[Black "Foerch, Benedikt"]
[Result "1/2-1/2"]
[WhiteElo "2003"]
[BlackElo "2122"]
[EventDate "2023.08.03"]
[Time "09:30:00"]
[WhiteTeam "SV Jedesheim 1921"]
[BlackTeam "SK Neuburg"]

1.e4 Nc6 2.Nf3 Nf6 3.e5 Nd5 4.d4 d6 5.c4 Nb6 6.e6 fxe6 7.Nc3 e5 8.d5 Nd4 
9.Nxd4 exd4 10.Qxd4 e5 11.dxe6 Bxe6 12.Be2 Qf6 13.Qxf6 gxf6 14.b3 Bg7 15.
Nb5 O-O-O 16.Be3 a6 17.Nd4 Bd7 18.Bh5 Kb8 19.O-O-O Nc8 20.Rhe1 Ne7 21.g3 
Nf5 22.Nxf5 Bxf5 23.Bf4 Bg6 24.Bxg6 hxg6 25.c5 Bh6 26.Bxh6 Rxh6 27.h4 g5 
28.hxg5 fxg5 29.Rd5 Rf8 30.cxd6 cxd6 31.Re2 Rhf6 32.Kd2 Rxf2 33.Rxg5 Kc7 
34.g4 1/2-1/2

[Event "28. Friedensfest-Open (AFRO-A)"]
[Site "Augsburg"]
[Date "2023.08.03"]
[Round "1.8"]
[White "Krien, Hartmut"]
[Black "Foerch, Benedikt"]
[Result "0-1"]
[WhiteElo "1948"]
[BlackElo "2122"]
[EventDate "2023.08.03"]
[Time "09:30:00"]
[WhiteTeam "Schachklub Heidenau"]
[BlackTeam "SK Neuburg"]

1.e4 Nc6 2.d4 e5 3.dxe5 Nxe5 4.Nf3 Qf6 5.Nxe5 Qxe5 6.Qd5 Qxd5 7.exd5 Nf6 
8.c4 Bb4+ 9.Bd2 Bxd2+ 10.Nxd2 d6 11.Bd3 O-O 12.O-O Bd7 13.Ne4 Nxe4 14.Bxe4
a5 15.a3 Ra6 16.Rfe1 Re8 17.Bd3 Rb6 18.Rxe8+ Bxe8 19.Re1 Kf8 20.Re2 Bd7 
21.f3 c5 22.h4 h6 23.Kf2 Rb3 24.Bb1 b5 25.Ba2 Rd3 26.Re3 Rd2+ 27.Re2 Rd4 
28.Re4 Rxe4 29.fxe4 bxc4 30.Bxc4 Ke7 31.Kf3 Kf6 32.g3 Ke5 33.g4 g6 34.g5 
hxg5 35.hxg5 f5 36.gxf6 Kxf6 37.Kf4 g5+ 38.Ke3 Ke5 39.Be2 Be8 40.Bg4 Bg6 
41.Bf3 Bh7 42.Bg2 Bg6 43.Bf3 g4 44.Bxg4 Bxe4 45.Be2 Kxd5 46.Ba6 Ke5 47.Bb5
d5 48.Ba6 Bc2 49.Bf1 Kd6 50.Bb5 Kc7 51.Be8 Kb6 52.Kd2 Bb3 53.Kc3 a4 54.Bd7
Kc7 55.Bf5 Kc6 56.Bg6 Kb6 57.Be8 Ka5 58.Bc6 Bc4 59.Bd7 Bb5 60.Be6 Bc6 61.
Bg4 Kb6 62.Bf5 Kc7 63.Bg4 Kd6 64.Bc8 Ke5 65.Ba6 Ke4 66.Kd2 Kf3 67.Bf1 Kg3 
68.Ba6 Kf2 69.Be2 d4 70.Ba6 Kf3 71.Kd3 Kf4 72.Kc4 Ke4 73.Kxc5 Bd5 74.Kb4 
Bb3 75.Bf1 Ke3 76.Bh3 d3 77.Kc3 d2 78.Bg4 d1=Q 79.Bxd1 Bxd1 80.b4 axb3 81.
a4 Ke4 0-1

[Event "28. Friedensfest-Open (AFRO-A)"]
[Site "Augsburg"]
[Date "2023.08.04"]
[Round "3.34"]
[White "Reschka, Hans"]
[Black "Rempel, Alexander jun."]
[Result "0-1"]
[WhiteElo "1805"]
[BlackElo "1484"]
[EventDate "2023.08.03"]
[Time "09:30:00"]
[WhiteTeam "SK Kriegshaber"]
[BlackTeam "Schachfreunde Augsburg"]

1.e4 c5 2.c3 e6 3.d4 d5 4.e5 Qb6 5.Nf3 Bd7 6.Bd3 Bb5 7.O-O Bxd3 8.Qxd3 Nc6
9.a3 a5 10.Re1 Nge7 11.Nbd2 Nf5 12.g4 Nfe7 13.dxc5 Qxc5 14.Nb3 Qb6 15.Nbd4
Ng6 16.Rb1 Bc5 17.Re2 h5 18.g5 Bxd4 19.cxd4 Qa6 20.Qxa6 Rxa6 21.b4 a4 22.
b5 Rb6 23.Bd2 Na7 24.Rb4 Rxb5 25.Rxa4 Nc6 26.Bb4 Kd7 27.Rc2 Rc8 28.Kf1 Nf4
29.Rc3 Nxb4 30.Rxc8 Nbd3 31.Rc2 Rb1+ 32.Ne1 Rxe1# 0-1

[Event "28. Friedensfest-Open (AFRO-A)"]
[Site "Augsburg"]
[Date "2023.08.05"]
[Round "5.24"]
[White "Reschka, Hans"]
[Black "Kuhn, Hubert"]
[Result "0-1"]
[WhiteElo "1805"]
[BlackElo "1989"]
[EventDate "2023.08.03"]
[Time "09:30:00"]
[WhiteTeam "SK Kriegshaber"]
[BlackTeam "MSA Zugzwang 82 e.V."]

1.e4 c5 2.c3 e6 3.d4 d5 4.exd5 exd5 5.Nf3 Nf6 6.Be2 Nc6 7.O-O Bd6 8.dxc5 
Bxc5 9.Bg5 Be6 10.Nd4 O-O 11.Bf3 h6 12.Bh4 g5 13.Bg3 Qd7 14.h3 Bf5 15.Nxf5
Qxf5 16.Nd2 Rad8 17.Nb3 Bb6 18.Qb1 Ne4 19.Bxe4 dxe4 20.Qc2 Rd3 21.Kh2 h5 
22.h4 gxh4 23.Bxh4 Qg4 24.g3 Ne5 25.f4 Qxh4+ 26.gxh4 Ng4+ 27.Kh1 Rh3+ 28.
Kg2 Rh2+ 0-1

[Event "28. Friedensfest-Open (AFRO-A)"]
[Site "Augsburg"]
[Date "2023.08.03"]
[Round "2.38"]
[White "Brand, Leonhard"]
[Black "Sensoy, Emir"]
[Result "1-0"]
[WhiteElo "1781"]
[BlackElo "1416"]
[EventDate "2023.08.03"]
[Time "15:30:00"]
[WhiteTeam "SK Freising"]
[BlackTeam "MSA Zugzwang 82 e.V."]

1.e4 c5 2.c3 d6 3.d4 cxd4 4.cxd4 Nf6 5.Nc3 g6 6.h3 Bg7 7.Nf3 O-O 8.Be3 b6 
9.Bd3 Bb7 10.O-O Nbd7 11.Qe2 e6 12.Rac1 d5 13.e5 Ne8 14.Bg5 f6 15.exf6 
Ndxf6 16.Qxe6+ Kh8 17.Qe3 Nd6 18.Nb5 Nxb5 19.Bxb5 a6 20.Bc6 Bxc6 21.Rxc6 
Rc8 22.Rfc1 Rxc6 23.Rxc6 Qa8 24.Rxb6 Ne4 25.Bh6 Qa7 26.Bxg7+ Kxg7 27.Qb3 
Rf7 28.Rc6 Nf6 29.Qb6 Qe7 30.Ne5 Nd7 31.Qc7 Nxe5 32.Qxe5+ Qxe5 33.dxe5 Re7
34.e6 Kf6 35.Rxa6 Ke5 36.Kf1 Kd4 37.Ke2 Kc4 38.Kd2 Kb5 39.Rd6 Kc5 40.Rd7 
Rxe6 41.Rxh7 Rb6 42.b3 Ra6 43.Rc7+ Kd4 44.Rc2 Rf6 45.f3 Re6 46.b4 Rb6 47.
Rb2 Kc4 48.b5 d4 49.Rc2+ Kd5 50.a4 g5 51.Kd3 Re6 52.Re2 Rd6 53.Re4 Kc5 54.
Re5+ Kb4 55.Rxg5 Kxa4 56.h4 Rh6 57.h5 Rd6 58.Rf5 Kb4 59.g4 1-0

[Event "28. Friedensfest-Open (AFRO-A)"]
[Site "Augsburg"]
[Date "2023.08.05"]
[Round "6.18"]
[White "Brand, Leonhard"]
[Black "Vuong, Anh-Tu"]
[Result "0-1"]
[WhiteElo "1781"]
[BlackElo "2031"]
[EventDate "2023.08.03"]
[Time "15:30:00"]
[WhiteTeam "SK Freising"]
[BlackTeam "TSV Landsberg"]

1.e4 c5 2.c3 d5 3.exd5 Qxd5 4.d4 g6 5.Nf3 Bg7 6.dxc5 Qxc5 7.Be3 Qc7 8.Nbd2
Nh6 9.Nd4 Nc6 10.Bb5 O-O 11.Bxc6 bxc6 12.Bxh6 Bxh6 13.O-O Rb8 14.N4b3 Rd8 
15.Qc2 c5 16.Rad1 Bf5 17.Ne4 Rxd1 18.Rxd1 c4 19.Nbd2 Qb7 20.b4 Bxd2 0-1

[Event "28. Friedensfest-Open (AFRO-A)"]
[Site "Augsburg"]
[Date "2023.08.06"]
[Round "7.31"]
[White "Reschka, Hans"]
[Black "Heron, Andrew"]
[Result "0-1"]
[WhiteElo "1805"]
[BlackElo "1852"]
[EventDate "2023.08.03"]
[Time "09:30:00"]
[WhiteTeam "SK Kriegshaber"]
[BlackTeam "SC Triesen"]

1.e4 c5 2.c3 Nf6 3.e5 Nd5 4.Nf3 Nc6 5.Bc4 Nb6 6.Bb3 e6 7.O-O d5 8.exd6 
Bxd6 9.d4 cxd4 10.cxd4 O-O 11.Nc3 Nd5 12.Bg5 Be7 13.Ne4 b6 14.Rc1 Bb7 15.
Qd2 Bxg5 16.Nexg5 h6 17.Ne4 Rc8 18.Rfe1 Nf6 19.Bc2 Nxe4 20.Bxe4 Nxd4 21.
Qxd4 Qxd4 22.Nxd4 Rxc1 23.Rxc1 Bxe4 24.f3 Bd5 25.Rc7 a5 26.a3 Rd8 27.b4 
axb4 28.axb4 Rd6 29.Rc8+ Kh7 30.Rb8 Bc4 31.Nc2 Rd1+ 32.Kf2 Rd2+ 0-1

[Event "28. Friedensfest-Open (AFRO-A)"]
[Site "Augsburg"]
[Date "2023.08.03"]
[Round "2.35"]
[White "Kuehn, Marvin"]
[Black "Komarov, Jan"]
[Result "1/2-1/2"]
[WhiteElo "1669"]
[BlackElo "1793"]
[EventDate "2023.08.03"]
[Time "15:30:00"]
[WhiteTeam "SK Graefelfing"]
[BlackTeam "Schachklub Muenchen Suedost e.V."]

1.e4 c5 2.d4 cxd4 3.c3 d5 4.exd5 Qxd5 5.Nf3 e5 6.cxd4 exd4 7.Qxd4 Qxd4 8.
Nxd4 Bb4+ 9.Bd2 Bxd2+ 10.Nxd2 Nf6 11.Nb5 Na6 12.Nd6+ Ke7 13.Nxc8+ Raxc8 
14.Bxa6 bxa6 15.b3 Rhd8 16.Nc4 Ne4 17.Ke2 Nd6 18.Rac1 Nxc4 19.bxc4 Rd4 20.
Rhe1 Kf6 21.Red1 Rcxc4 22.Rxc4 Rxc4 23.Rd6+ Ke5 24.Rxa6 Rc2+ 25.Ke3 Rc3+ 
26.Ke2 Rc2+ 27.Kf3 Rc3+ 28.Ke2 Rc2+ 1/2-1/2

[Event "28. Friedensfest-Open (AFRO-A)"]
[Site "Augsburg"]
[Date "2023.08.03"]
[Round "1.34"]
[White "Schrimpf Michael"]
[Black "Steinberger, Michael"]
[Result "0-1"]
[WhiteElo "1782"]
[BlackElo "1561"]
[EventDate "2023.08.03"]
[Time "09:30:00"]
[WhiteTeam "KJSV Wien"]
[BlackTeam "Schachfreunde Augsburg"]

1.e4 c5 2.d4 cxd4 3.c3 dxc3 4.Nxc3 e6 5.Nf3 a6 6.Bc4 b5 7.Bb3 Bb7 8.Qe2 
Ne7 9.Bg5 h6 10.Bh4 Nbc6 11.Nd5 Qa5+ 12.Nc3 Ng6 13.Bg3 Be7 14.O-O O-O 15.
Rfd1 Rfd8 16.Rd2 Na7 17.Rad1 Bc6 18.Nd4 b4 19.Nb1 Nb5 20.Nxc6 dxc6 21.Rd7 
Rxd7 22.Rxd7 Rd8 23.Qd3 c5 24.Nd2 Rxd7 25.Qxd7 Qd8 26.Qxd8+ Bxd8 27.Bc4 
Bf6 28.Nb3 Be7 29.f3 Nf8 30.Bf2 Nd7 31.f4 Nc7 32.Be2 Kf8 33.g3 Ke8 34.Kg2 
Kd8 35.Kf3 Nb5 36.g4 e5 37.fxe5 Nxe5+ 38.Kf4 Bd6 39.Ke3 c4 40.Nd4 Bc5 41.
Kf4 Bxd4 42.Bxd4 Nxd4 43.Bf1 f6 44.Ke3 Nb5 45.h3 c3 46.bxc3 bxc3 47.a4 c2 
48.Kd2 Na3 49.Bxa6 Nf3+ 50.Kc1 Nd4 51.Kb2 Nb3 52.Kxa3 c1=Q+ 53.Kxb3 Qe3+ 
54.Kb4 Qxe4+ 55.Kb5 Kc7 56.a5 Qc6+ 0-1